000 00218 a2200109 4500
020 _a789992479674
041 _aspa
100 _aJaime Incer Barquero
245 _aGeografia de Nicaragua
942 _cBK
952 _74
999 _c23445
_d23445